За власть Советов : (Record no. 461411)
[ view plain ]
| 000 -LEADER | |
|---|---|
| fixed length control field | 01722nam a2200253 a 4500 |
| 003 - CONTROL NUMBER IDENTIFIER | |
| control field | AM-YEHGA |
| 040 ## - CATALOGING SOURCE | |
| Original cataloging agency | AM-YeHGA |
| 001 - CONTROL NUMBER | |
| control field | 1350063 |
| 005 - DATE AND TIME OF LATEST TRANSACTION | |
| control field | 20250617160850.0 |
| 008 - FIXED-LENGTH DATA ELEMENTS--GENERAL INFORMATION | |
| fixed length control field | 180423s1961 kz a||||r|||||000|0|rus|| |
| 041 0# - LANGUAGE CODE | |
| Language code of text/sound track or separate title | rus |
| 090 ## - LOCALLY ASSIGNED LC-TYPE CALL NUMBER (OCLC); LOCAL CALL NUMBER (RLIN) | |
| -- | 464538 |
| 245 00 - TITLE STATEMENT | |
| Title | За власть Советов : |
| Remainder of title | Сборник статей и воспоминаний о борьбе за установление и упрочение Советской власти в Семипалатинской области : Посвящается 40 годовщине Казахской ССР / |
| Statement of responsibility, etc. | [Редкол.: В.И. Акимов (гл. ред.) и др.] ; Архивный отд. и Гос. архив Семипалат. обл. ; Парт. архив Семипалат. обкома КП Казахстана. |
| 260 ## - PUBLICATION, DISTRIBUTION, ETC. | |
| Place of publication, distribution, etc. | Семипалатинск : |
| Name of publisher, distributor, etc. | Б. и., |
| Date of publication, distribution, etc. | 1961. |
| 300 ## - PHYSICAL DESCRIPTION | |
| Extent | 250 с. : |
| Other physical details | ил., ; |
| Dimensions | 21 см. |
| 650 14 - SUBJECT ADDED ENTRY--TOPICAL TERM | |
| Topical term or geographic name entry element | История |
| Geographic subdivision | СССР |
| 653 0# - INDEX TERM--UNCONTROLLED | |
| Uncontrolled term | Иностранная военная интервенция и гражданская война в СССР 1918-1920 гг. - Семипалатинская область |
| 653 0# - INDEX TERM--UNCONTROLLED | |
| Uncontrolled term | Революция 1905-1907 гг. - Семипалатинская область |
| 653 0# - INDEX TERM--UNCONTROLLED | |
| Uncontrolled term | Великая Октябрьская Социалистическая революция - Семипалатинская область |
| 700 1# - ADDED ENTRY--PERSONAL NAME | |
| Personal name | Акимов, В.И. |
| Relator term | ред. |
| Relationship | edt |
| 710 2# - ADDED ENTRY--CORPORATE NAME | |
| Corporate name or jurisdiction name as entry element | Государственный архив Семипалатинской области. |
| Subordinate unit | Архивный отдел |
| 710 2# - ADDED ENTRY--CORPORATE NAME | |
| Corporate name or jurisdiction name as entry element | Партийный архив Семипалатинского обкома КП Казахстана |
| 942 ## - ADDED ENTRY ELEMENTS (KOHA) | |
| Source of classification or shelving scheme | Universal Decimal Classification |
| Koha item type | Գրքեր / Books |
| Withdrawn status | Lost status | Source of classification or shelving scheme | Damaged status | Not for loan | Collection | Home library | Current library | Date acquired | Total checkouts | Full call number | Barcode | Date last seen | Price effective from | Koha item type | Public note |
|---|---|---|---|---|---|---|---|---|---|---|---|---|---|---|---|
| Universal Decimal Classification | General | Fundamental Scientific Library | Fundamental Scientific Library | 29/03/2021 | PII/48386 | FL0645098 | 29/03/2021 | 29/03/2021 | Գրքեր / Books | 30 Days Loan |
ՀՀ Գիտությունների ազգային ակադեմիայի հիմնարար գիտական գրադարան = Fundamental Scientific Library of NAS RA
All site content, except where otherwise noted, is licensed under a